Aplikovanie organizačných vzorov pri riešení problémov agilného a lean vývoja softvéru
Gespeichert in:
| 1. Verfasser: | |
|---|---|
| Weitere Verfasser: | |
| Format: | Manuskript Buch |
| Sprache: | Slowakisch |
| Veröffentlicht: |
2018
|
| Schlagworte: | |
| Online-Zugang: | http://is.stuba.sk/zp/portal_zp.pl?podrobnosti=137983 |
| Tags: |
Keine Tags, Fügen Sie das erste Tag hinzu!
|
MARC
| LEADER | 00000ntm a22000003a 4500 | ||
|---|---|---|---|
| 001 | stuzp70453 | ||
| 003 | SK-STU | ||
| 005 | 20190326105217.5 | ||
| 007 | ta | ||
| 008 | 150427s2015----xo-----f-mn---000-0-slo-d | ||
| 040 | |a STU |b slo | ||
| 041 | 0 | |a slo | |
| 044 | |a xo | ||
| 100 | 1 | |a Blaško, Adam |u 070200 |k Z4 |4 aut |U FIIT Fakulta informatiky a informačných technológií |T FIIT Ústav informatiky, informačných systémov a softvérového inžinierstva |X 72003 |U I200 |Y 179 |7 72003 | |
| 242 | 0 | 1 | |a Application of organizational patterns to solve problems of agile and lean software development |y eng |
| 245 | 1 | 0 | |a Aplikovanie organizačných vzorov pri riešení problémov agilného a lean vývoja softvéru |
| 260 | |c 2018 | ||
| 300 | |a 72 s., príl., |e CD-rom | ||
| 650 | 4 | |a metrika |2 slo | |
| 650 | 4 | |a agilné |2 slo | |
| 650 | 4 | |a organizácia |2 slo | |
| 650 | 4 | |a vzor |2 slo | |
| 650 | 4 | |a úsporné |2 slo | |
| 650 | 4 | |a organizačné vzory |2 slo | |
| 650 | 4 | |a organization |2 eng | |
| 650 | 4 | |a agile |2 eng | |
| 650 | 4 | |a pattern |2 eng | |
| 650 | 4 | |a organizational patterns |2 eng | |
| 650 | 4 | |a lean |2 eng | |
| 650 | 4 | |a metric |2 eng | |
| 700 | 1 | |a Frťala, Tomáš |4 ths |X 50753 |7 50753 | |
| 856 | 4 | |u http://is.stuba.sk/zp/portal_zp.pl?podrobnosti=137983 | |
| 996 | |b IZP20180177 |c I*DP19/18 |l II680 |s P |a 0 |w stuzp70453_0001 | ||